<?xml version="1.0" encoding="UTF-8"?><OAI-PMH xmlns="http://www.openarchives.org/OAI/2.0/" xmlns:xsi="http://www.w3.org/2001/XMLSchema-instance"     xsi:schemaLocation="http://www.openarchives.org/OAI/2.0/ http://www.openarchives.org/OAI/2.0/OAI-PMH.xsd"><responseDate>2026-05-16T08:31:22Z</responseDate><request verb="GetRecord" identifier="oai:regmurcia.com:fintegr.3842" metadataPrefix="marc21">http://oai.regmurcia.com/oai2/oai2.php</request><GetRecord><record><header><identifier>oai:regmurcia.com:fintegr.3842</identifier><datestamp>2026-05-16</datestamp><setSpec>documentos</setSpec></header><metadata><record  xmlns="http://www.loc.gov/MARC21/slim" xmlns:xsi="http://www.w3.org/2001/XMLSchema-instance" xsi:schemaLocation="http://www.loc.gov/MARC21/slim http://www.loc.gov/standards/marcxml/schema/MARC21slim.xsd" type="Bibliographic"><leader>00000nam a2200000   4500</leader><controlfield tag="001" >005073350</controlfield><controlfield tag="003" >3842</controlfield><controlfield tag="004" >A00000000</controlfield><datafield tag="245" ind1=" " ind2=" "><subfield code="a">Junta Pública celebrada en la mañana del 30 de mayo de 1831, en obsequio del augusto soberano el Sr. D. Fernando VII Q.D.G.</subfield></datafield><datafield tag="300" ind1=" " ind2=" "><subfield code="a">22 pp</subfield></datafield><datafield tag="351" ind1=" " ind2=" "><subfield code="a">Unidad Documental Simple</subfield><subfield code="c">RSEAPMUR. Array</subfield><subfield code="a">Unidad Documental Simple</subfield><subfield code="c">RSEAPMUR. Array</subfield></datafield><datafield tag="510" ind1=" " ind2=" "><subfield code="a">Murcia. Imprenta de los Herederos de Muñiz.</subfield></datafield><datafield tag="520" ind1=" " ind2=" "><subfield code="a">Se premia las categorias de Ciencias, Nobles Artes, Industria, Educación y Labores.</subfield></datafield><datafield tag="535" ind1=" " ind2=" "><subfield code="a">FE003</subfield></datafield><datafield tag="583" ind1=" " ind2=" "><subfield code="u">http://www.regmurcia.com/servlet/s.Sl?METHOD=VERDOCUMENTO&amp;sit=serv,Carmesi&amp;n=/23/11046/indice.djvu</subfield></datafield><datafield tag="592" ind1=" " ind2=" "><subfield code="a">1831-06-11</subfield></datafield><datafield tag="592" ind1=" " ind2=" "><subfield code="d">1831-06-11 00:00:00</subfield></datafield><datafield tag="786" ind1=" " ind2=" "><subfield code="o">http://www.regmurcia.com/servlet/s.Sl?METHOD=VERDOCUMENTO&amp;sit=serv,Carmesi&amp;n=/23/11046/indice.djvu</subfield></datafield><datafield tag="856" ind1=" " ind2=" "><subfield code="u">http://www.regmurcia.com/servlet/s.Sl?METHOD=DETALLE&amp;sit=c,373,m,139,serv,Carmesi&amp;id=3842</subfield></datafield></record></metadata></record></GetRecord></OAI-PMH>
